| 000 -LEADER |
| fixed length control field |
00987nam a2200277Ia 4500 |
| 001 - CONTROL NUMBER |
| control field |
22536 |
| 003 - CONTROL NUMBER IDENTIFIER |
| control field |
GE_BSU |
| 005 - DATE AND TIME OF LATEST TRANSACTION |
| control field |
20230327145253.0 |
| 008 - FIXED-LENGTH DATA ELEMENTS--GENERAL INFORMATION |
| fixed length control field |
181216s2006||||fr |||||||||||||| ||fre|| |
| 020 ## - INTERNATIONAL STANDARD BOOK NUMBER |
| International Standard Book Number |
9782090352375 |
| 040 ## - CATALOGING SOURCE |
| Transcribing agency |
GE_BSU |
| 080 ## - UNIVERSAL DECIMAL CLASSIFICATION NUMBER |
| Universal Decimal Classification number |
811.133.1D-37 |
| 245 ## - TITLE STATEMENT |
| Title |
Delf Junior Scolaire B1: 200 Activites / |
| Statement of responsibility, etc. |
Alain Rausch,Corinne Kober-Kleinert, Elettra Mineni,Mariella Rainoldi ; Edition Dominique Colombani ; Illustrations Michel Backes. |
| 264 ## - PRODUCTION, PUBLICATION, DISTRIBUTION, MANUFACTURE, AND COPYRIGHT NOTICE |
| Place of production, publication, distribution, manufacture |
Paris : |
| Name of producer, publisher, distributor, manufacturer |
CLE INTERNATIONAL, |
| Date of production, publication, distribution, manufacture, or copyright notice |
2006. |
| 300 ## - PHYSICAL DESCRIPTION |
| Extent |
192 p. : |
| Other physical details |
ill. ; |
| Dimensions |
29 cm. |
| Accompanying material |
+1CD |
| 653 ## - INDEX TERM--UNCONTROLLED |
| keyword |
Delf Junior Scolaire B1: 200 Activites |
| 653 ## - INDEX TERM--UNCONTROLLED |
| keyword |
ფრანგული ენა |
| 700 ## - ADDED ENTRY--PERSONAL NAME |
| Personal name |
Rausch, Alain |
| Relator term |
by |
| 9 (RLIN) |
17281 |
| 700 ## - ADDED ENTRY--PERSONAL NAME |
| Personal name |
Kober-Kleinert, Corinne |
| Relator term |
by |
| 9 (RLIN) |
17282 |
| 700 ## - ADDED ENTRY--PERSONAL NAME |
| Personal name |
Mineni, Elettra |
| Relator term |
by |
| 9 (RLIN) |
17283 |
| 700 ## - ADDED ENTRY--PERSONAL NAME |
| Personal name |
Rainoldi, Mariella |
| Relator term |
by |
| 9 (RLIN) |
17284 |
| 700 ## - ADDED ENTRY--PERSONAL NAME |
| Personal name |
Colombani, Dominique |
| Relator term |
Edition |
| 9 (RLIN) |
17285 |
| 700 ## - ADDED ENTRY--PERSONAL NAME |
| Personal name |
Backes, Michel |
| Relator term |
Illustrations |
| 9 (RLIN) |
17286 |
| 942 ## - ADDED ENTRY ELEMENTS (KOHA) |
| Koha item type |
წიგნი |
| Source of classification or shelving scheme |
|